000 00514nam a2200205Ia 4500
005 20240823045800.0
008 240823s9999||||xx |||||||||||||| ||und||
020 _a978-81-321-1023-1
041 _aENGLISH
082 _A300.72 Q2
100 _aDenicolo Pam
245 0 _aDeveloping Research Proposals
250 _a1st
260 _c2012
_bSage Publications India P.
_aNEW DELHI
500 _aYES
650 _aResearch
_bManagement Studies
700 _a Becker Lucinda
942 _cBK
999 _c215747
_d215747